| 000 -ლიდერი |
| ფიქსირებული სიგრძის საკონტროლო ველი |
02158nam a2200289Ia 4500 |
| 001 - საკონტროლო ნომერი |
| საკონტროლო ველი |
23230 |
| 003 - საკონტროლო ნომრის იდენტიფიკატორი |
| საკონტროლო ველი |
GE_BSU |
| 005 - ბოლო ოპერაციის თარიღი და დრო |
| საკონტროლო ველი |
20251105145025.0 |
| 008 - ფიქსირებული სიგრძის მონაცემთა ელემენტები - ზოგადი ინფორმაცია |
| ფიქსირებული სიგრძის საკონტროლო ველი |
181216s1983||||ge |||||||||||||| ||geo|| |
| 040 ## - კატალოგიზაციის წყარო |
| Transcribing agency |
GE_BSU |
| 041 ## - ენის კოდი |
| Language code of text/sound track or separate title |
geo |
| 080 ## - უნივერსალური ათობითი კლასიფიკაციის ინდექსი |
| Universal Decimal Classification number |
94(479.22)"10/12"+352(479.22) ა-66 |
| 100 ## - მთავარი ჩანაწერი - პიროვნების სახელი |
| Personal name |
ანთელავა, ილია |
| 9 (RLIN) |
26163 |
| 245 ## - ცნობა სათაურის შესახებ |
| Title |
საქართველოს ცენტრალური და ადგილობრივი მმართველობა XI-XIII საუკუნეებში / |
| Statement of responsibility, etc |
ილია ანთელავა ; რედაქტორი ნ. შენგელია ; მხატვარი ვ. ხმალაძეა ; ქართველოს სსრ მეცნიერებათა აკადემია, ივ. ჯავახიშვილის სახ. ისტორიის, არქეოლოგიისა და ეთნოგრაფიის ინსტიტუტი |
| 264 ## - წარმოების, გამოცემის, დისტრიბუციის და სხვა ცნობები |
| გამოცემის, წარმოების, დისტრიბუციის... ადგილი |
თბილისი : |
| გამოცემის, წარმოების, დისტრიბუციის... სახელწოდება |
მეცნიერება, |
| გამოცემის, წარმოების, დისტრიბუციის... თარიღი |
1983. |
| 300 ## - ფიზიკური აღწერა |
| Extent |
231 გვ. ; |
| Dimensions |
21 სმ. |
| 504 ## - BIBLIOGRAPHY, ETC. NOTE |
| Bibliography, etc |
ბიბლიოგრ. ტექსტის შენიშვნებში |
| 520 ## - SUMMARY, ETC. |
| Summary, etc |
რეზუმე რუს. ენაზე |
| 653 ## - INDEX TERM--UNCONTROLLED |
| Uncontrolled term |
საქართველოს ადგილობრივი მმართველობა |
| 653 ## - INDEX TERM--UNCONTROLLED |
| Uncontrolled term |
საქართველოს ცენტრალური და ადგილობრივი მმართველობა XI-XIII საუკუნეებში |
| 653 ## - INDEX TERM--UNCONTROLLED |
| Uncontrolled term |
საქართველოს ცენტრალური მმართველობა |
| 700 ## - ADDED ENTRY--PERSONAL NAME |
| Personal name |
შენგელია, ნ. |
| Relator term |
რედაქტორი |
| 9 (RLIN) |
26164 |
| 700 ## - ADDED ENTRY--PERSONAL NAME |
| Personal name |
ხმალაძე, ვ. |
| Relator term |
მხატვარი |
| 9 (RLIN) |
18022 |
| 710 ## - ADDED ENTRY--CORPORATE NAME |
| Corporate name or jurisdiction name as entry element |
საქ. სსრ მეცნ. აკადემია |
| Subordinate unit |
ივ. ჯავახიშვილის სახ. ისტორიის, არქეოლოგიისა და ეთნოგრაფიის ინ-ტი |
| 9 (RLIN) |
26165 |
| 942 ## - ADDED ENTRY ELEMENTS (KOHA) |
| Koha item type |
წიგნი |
| Source of classification or shelving scheme |
|